000 00763nam a2200229Ii 4500
003 JO-AjNU
008 230605s9999||||xx |||||||||||||| ||und||
017 _a1979/2820
020 _a7001-67-3
040 _aJO-AjNU
_bara
_erda
_cJO-AjNU
041 _aara
050 1 4 _aPJ6065.M6 1979
100 3 _aتاليف أحمد،محمد عبد القادر,
_eauthor
_913402
245 0 0 _aطرق تعليم اللغة العربية
250 _aط6
264 3 1 _aالقاهرة: مكتبة النهضة المصرية، 1979
300 _a311ص
336 _atext
_btxt
_2rdacontent
337 _aunmediated
_bn
_2rdamedia
338 _avolume
_bnc
_2rdacarrier
650 4 _aاللغة العربية-تعليم-طرق تعليم اللغة العربية
_913403
999 _aA3328
_c6896
_d6896